|
|
|
|
| LEADER |
02811nam a22003853i 4500 |
| 001 |
EBC7100944 |
| 003 |
MiAaPQ |
| 005 |
20240729202203.0 |
| 006 |
m o d | |
| 007 |
cr cnu|||||||| |
| 008 |
240729s2023 xx o ||||0 ger d |
| 020 |
|
|
|a 9783428441167
|q (electronic bk.)
|
| 020 |
|
|
|z 9783428041169
|
| 035 |
|
|
|a (MiAaPQ)EBC7100944
|
| 035 |
|
|
|a (Au-PeEL)EBL7100944
|
| 035 |
|
|
|a (OCoLC)1347027286
|
| 040 |
|
|
|a MiAaPQ
|b eng
|e rda
|e pn
|c MiAaPQ
|d MiAaPQ
|
| 100 |
1 |
|
|a Albrecht, Gerhard.
|
| 245 |
1 |
4 |
|a Die Berliner Wirtschaft Zwischen Ost und West :
|b Die Reform der Sozialpolitik Durch Einen Deutschen Sozialplan. Verhandlungen Auf der Sondertagung des Vereins Für Socialpolitik in Berlin 1952.
|
| 250 |
|
|
|a 1st ed.
|
| 264 |
|
1 |
|a Berlin :
|b Duncker & Humblot,
|c 2023.
|
| 264 |
|
4 |
|c {copy}1952.
|
| 300 |
|
|
|a 1 online resource (91 pages)
|
| 336 |
|
|
|a text
|b txt
|2 rdacontent
|
| 337 |
|
|
|a computer
|b c
|2 rdamedia
|
| 338 |
|
|
|a online resource
|b cr
|2 rdacarrier
|
| 490 |
1 |
|
|a Schriften des Vereins Für Socialpolitik Series
|
| 505 |
0 |
|
|a Intro -- Inhaltsverzeichnis -- Gustav Schmoller zum Gedächtnis -- Vormittagssitzung. 19. April 1952 -- Professor Dr. Albrecht (Marburg/Lahn): Eröffnung und Begrüßung -- Prof. Dr. Karl C. Thalheim (Berlin): Die Wirtschaft Berlins zwischen Ost und West -- Nachmittagssitzung. 19. April 1952 -- Prof. Dr. Gerhard Mackenroth (Kiel): Die Reform der Sozialpolitik durch einen deutschen Sozialplan -- I. Sozialpolitik in einer veränderten Sozialwelt -- II. Die Einheit des Sozialbudgets -- III. Aufgaben und Anlage eines Sozialplans -- IV. Die Freiheitsgrade des Sozialbudgets -- V. Sozialpolitik und Arbeitseinsatz -- 1. Die Festlegung der Personenkreise -- 2. Die Höhe der Sozialleistungen - die Rentenkumulationen -- 3. Die Anrechnungsbestimmungen und die Schwarzarbeit -- Die hauptsächlichsten Arten der Schwarzarbeit -- VI. Sozialpolitik und Familie -- VII. Die Neuordnung der Sozialverwaltung -- 1. Der gegenwärtige Zustand - Ergebnisse einer Kieler Forschungsarbeit. -- 2. Die Aufbringung der Mittel -- 3. Die Verwaltung der Mittel -- VIII. Die Taktik der Reform -- Verzeichnis der Redner.
|
| 588 |
|
|
|a Description based on publisher supplied metadata and other sources.
|
| 590 |
|
|
|a Electronic reproduction. Ann Arbor, Michigan : ProQuest Ebook Central, 2024. Available via World Wide Web. Access may be limited to ProQuest Ebook Central affiliated libraries.
|
| 655 |
|
4 |
|a Electronic books.
|
| 776 |
0 |
8 |
|i Print version:
|a Albrecht, Gerhard
|t Die Berliner Wirtschaft Zwischen Ost und West
|d Berlin : Duncker & Humblot,c2023
|z 9783428041169
|
| 797 |
2 |
|
|a ProQuest (Firm)
|
| 830 |
|
0 |
|a Schriften des Vereins Für Socialpolitik Series
|
| 856 |
4 |
0 |
|u https://ebookcentral.proquest.com/lib/matrademy/detail.action?docID=7100944
|z Click to View
|